000 00548nam a2200229Ia 4500
003 OSt
005 20220918225442.0
006 a|||||r|||| 00| 0
007 ta
008 220917b |||||||| |||| 00| 0 eng d
024 _a241,813
037 _cTextual
040 _aARTS
_cARTS
_beng
041 _2eng
_aeng
082 _aQ:1, L4
100 _aCruse Amy
_956332
245 0 _aBook of myths
260 _aLondon
_bHarrap
_c1974
650 _aRELIGION
942 _hQ:1, L4
_cTEXL
_2CC
999 _c284758
_d284758